000 00854nam a22002657a 4500
001 28078
003 UA-OsUOA
005 20201224200703.0
007 ta
008 20040923b un ||||| |||| 00| 0 ukr d
020 _a5-02-002934-3
040 _aUA-OsUOA
_brus
_cUA-OsUOA
_dUA-OsUOA
041 _arus
044 _aRU
080 _a81'36.111
090 _a81'36.111
_bГ95
100 _aГуревич В. В.
245 _aТеоретическая грамматика английского языка. Сравнительная типология английского и русского языков
_bучебное пособие
260 _aМосква
_bНаука
_c2003
300 _a168 с.
650 7 _2UDC
942 _cBK
_2udc
955 _a0
999 _c314434
_d314434